<?xml version="1.0" encoding="UTF-8"?><?xml-stylesheet type="text/xsl" href="static/style.xsl"?><OAI-PMH xmlns="http://www.openarchives.org/OAI/2.0/" xmlns:xsi="http://www.w3.org/2001/XMLSchema-instance" xsi:schemaLocation="http://www.openarchives.org/OAI/2.0/ http://www.openarchives.org/OAI/2.0/OAI-PMH.xsd"><responseDate>2026-04-17T04:23:23Z</responseDate><request verb="GetRecord" identifier="oai:www.recercat.cat:2072/527706" metadataPrefix="marc">https://recercat.cat/oai/request</request><GetRecord><record><header><identifier>oai:recercat.cat:2072/527706</identifier><datestamp>2024-12-23T19:28:46Z</datestamp><setSpec>com_2072_375854</setSpec><setSpec>com_2072_351515</setSpec><setSpec>com_2072_1741</setSpec><setSpec>col_2072_375855</setSpec></header><metadata><record xmlns="http://www.loc.gov/MARC21/slim" xmlns:dcterms="http://purl.org/dc/terms/" xmlns:xsi="http://www.w3.org/2001/XMLSchema-instance" xmlns:doc="http://www.lyncode.com/xoai" xsi:schemaLocation="http://www.loc.gov/MARC21/slim http://www.loc.gov/standards/marcxml/schema/MARC21slim.xsd">
   <leader>00925njm 22002777a 4500</leader>
   <datafield ind2=" " ind1=" " tag="042">
      <subfield code="a">dc</subfield>
   </datafield>
   <datafield ind2=" " ind1=" " tag="720">
      <subfield code="a">Nualart, Neus</subfield>
      <subfield code="e">author</subfield>
   </datafield>
   <datafield ind2=" " ind1=" " tag="260">
      <subfield code="c">2019</subfield>
   </datafield>
   <datafield ind2=" " ind1=" " tag="520">
      <subfield code="a">GBIF és un portal que posa a disposició del públic el major nombre de dades de
biodiversitat de tot el planeta, ja siguin observacions de camp, espècimens preservats
en museus o citacions bibliogràfiques. Les cerques es poden realitzar a
través del portal internacional (www.gbif.org) o del portal estatal (www.gbif.es), i és
el mateix usuari qui n’utilitzarà l’un o l’altre segons la cerca que vulgui realitzar
i els resultats que en vulgui obtenir. En aquest article desgranem les funcionalitats
de cadascun dels portals.</subfield>
   </datafield>
   <datafield ind1="8" ind2=" " tag="024">
      <subfield code="a">http://hdl.handle.net/2072/527706</subfield>
   </datafield>
   <datafield ind2="0" ind1="0" tag="245">
      <subfield code="a">La infraestructura mundial d’informació sobre biodiversitat: Global Biodiversity Information Facility (GBIF), el major portal mundial sobre biodiversitat</subfield>
   </datafield>
</record></metadata></record></GetRecord></OAI-PMH>